000 00611nam a2200217Ia 4500
005 20250923145339.0
008 008 250917s9999 xx 000 0 eng d
037 _aTextual
040 _aDSWL
_beng
_cDSWL
041 _aeng
_2eng
084 _aXx2, N75;2
_qDSWL
245 0 _aData base of Indian economy
_c Ed. by V.M. Dandekar
260 _aCalcutta
_bStatistical Pub. Society
_c1975
300 _ax,422p.
365 _aINR
_b58 . 50
490 _vVol. II
700 _a P. Venkataramaiah
_9834327
925 _g58 . 50
942 _cTEXL
_hXx2, N75;2
999 _c1450277
_d1450277